Historie poštovnictví v Telči a okolí /

Hlavní autor: Hahn, Henry, 1928-2007
Jazyk: Čeština
Vydáno: Brno : Brněnský kompas, 1983
Edice: Knihovnička Brněnského kompasu
Fyzický popis: 60 s.
Knihy
Uloženo v:
LEADER 01007nam a2200277 a 4500
001 000535037
003 CZ BrMZK
005 20101004110308.0
007 ta
008 010907s1983 xr f cze d
040 |a BOA001  |b cze 
041 1 |a cze  |h eng 
080 |a 656.8(437.228)(091)  |2 MRF 
100 1 |a Hahn, Henry,  |d 1928-2007  |7 mzk2003197863  |4 aut 
245 1 0 |a Historie poštovnictví v Telči a okolí /  |c H. Hahn 
260 |a Brno :  |b Brněnský kompas,  |c 1983 
300 |a 60 s. 
490 1 |a Knihovnička Brněnského kompasu ;  |v sv. 2 
500 |a Přeloženo z angličtiny 
504 |a Obsahuje bibliografii 
765 0 |t Historic perspective of postal services in Teltsch and Vicinity  |9 Česky 
830 0 |a Knihovnička Brněnského kompasu 
910 |a BOA001  |b 2-0877.582 
990 |a BK 
996 6 |b 2619374420  |c 2-0877.582  |l MZK  |r Sklad / do 1 hodiny  |n 1  |w 000535037  |u 000020  |a 1  |e BOA001  |j MZK50  |s P 
996 7 |b 2619743411  |c 2-0877.582  |l MZK  |r Sklad / do 1 hodiny  |n 4  |w 000535037  |u 000010  |a 1  |e BOA001  |j MZK50  |s A